Statistics for All Yung Lean Songs

Click here to take the quiz!

General Stats

  • This quiz has been taken 203 times
  • The average score is 49 of 139

Answer Stats

AlbumSong% Correct
Lavender EPGinseng Strip 2002
82%
StrangerAgony
79%
Lavender EPOreomilkshake
73%
StrangerRed Bottom Sky
72%
Single #2Kyoto
71%
Unknown Death 2002Hurt
70%
Unknown MemoryYoshi City
69%
Unknown MemoryGhosttown
66%
StarzPikachu
65%
Frost GodHennessy & Sailor Moon
63%
WarlordMiami Ultras
62%
StrangerYellowman
62%
Poison Ivybender++girlfriend
61%
StarzStarz
61%
Unknown Death 2002Gatorade
59%
StarzYayo
59%
StarzAcid at 7/11
57%
WarlordHighway Patrol
57%
WarlordAfghanistan
56%
StarzBoylife in EU
56%
Unknown MemoryLeanworld
56%
Unknown MemoryVolt
55%
WarlordHoover
53%
Psychopath BalladsHotel in Minsk
53%
Crash Bandicoot & Ghostface / ShyguyCrash Bandicoot
52%
Crash Bandicoot & Ghostface / ShyguyGhostface / Shyguy
52%
Lavender EPGreygoose
50%
Frost GodCrystal City
48%
StrangerMuddy Sea
48%
WarlordFire
47%
WarlordImmortal
46%
Unknown MemoryBlinded
45%
WarlordPearl Fountain
45%
Unknown Death 2002Princess Daisy
45%
Unknown MemorySandman
45%
Poison Ivyfriday the 13th
44%
StarzViolence
44%
Poison Ivyfrench hotel
43%
Unknown MemoryMonster
43%
StarzMy Agenda
43%
Total EclipseSmirnoff Ice
43%
WarlordAF1s
42%
Unknown MemorySunrise Angel
42%
Poison Ivyhappy feet
41%
StrangerIceman
41%
Poison Ivysauron
41%
StrangerSkimask
41%
Unknown Death 2002Emails
40%
WarlordHocus Pocus
40%
StrangerMetallic Intuition
40%
Unknown Death 2002Welcome 2 Unknown Death
40%
Unknown MemoryBlommor (Intro)
39%
StarzDogboy
39%
Unknown MemoryIce Cold Smoke
39%
Unknown Death 2002Lightsaber // Saviour
39%
StarzPut Me in a Spell
39%
Poison Ivyropeman
39%
Unknown Death 2002Lemonade
38%
Unknown Death 2002Oceans 2001
38%
Unknown Death 2002Solarflare
38%
WarlordHow U Like Me Now?
37%
Unknown Death 2002Nitevision
37%
WarlordShine
37%
Poison Ivysilicon wings
37%
WarlordSippin
37%
NectarWooden Girl
37%
Unknown MemoryDon't Go
36%
WarlordEye Contact
36%
Poison Ivytrashy
36%
Unknown MemoryDog Walk (Intermission)
35%
Frost GodBack at It
34%
StrangerDrop It/Scooter
34%
Frost GodHead 2 Toe
34%
Frost GodKirby
34%
StrangerSalute/Pacman
34%
WarlordShawty U Know What It Do
34%
StrangerSilver Arrows
34%
WarlordStay Down
34%
WarlordFantasy
33%
StrangerHunting My Own Skin
33%
StarzDance in the Dark
32%
Unknown Death 2002Heal You // Bladerunner
32%
StarzOutta My Head
32%
StrangerSnakeskin/Bullets
32%
StarzLow
31%
Psychopath BalladsNever Again
31%
StarzButterfly Paralyzed
30%
Unknown Death 2002Deathstar // Getting Benjamins
30%
Unknown MemoryHelt Ensam (Outro)
30%
StarzIceheart
30%
WarlordMore Stacks
30%
WarlordStars Align
30%
StarzSunset Sunrise
30%
StarzHellraiser
29%
Frost GodCashin
28%
StrangerPush/Lost Weekend
28%
Total Eclipse2 Cups
27%
KatlaIntro (Paradise Lost)
27%
SingleMarble Phone
27%
WarlordGod Only Knows
26%
Frost GodHop Out
26%
Frost GodGet It Back
25%
KatlaOutro (Bröderna Lejonhjärta)
25%
Psychopath BalladsPrimal Fear
24%
Single #6Blue Plastic
23%
Drabbad av SjukdomMin Dag
21%
Psychopath BalladsDog to Ur Bone
20%
Drabbad av SjukdomDrabbad av Sjukdom
20%
StrangerFallen Demons
20%
Psychopath BalladsFarawaywithyou
20%
Psychopath BalladsRockstar
20%
NectarPorcelain
19%
NectarOff with Their Heads
18%
Single #4King Cobra
17%
NectarRazor Love
17%
Drabbad av SjukdomIsobel
15%
NectarMoth
15%
NectarTangerine Warrior (Freestyle)
15%
Drabbad av SjukdomBenzo
14%
KatlaHell Rain
13%
Psychopath BalladsOn the Road
13%
Drabbad av SjukdomParanoid Schizofren
12%
Single #5Like Me
11%
NectarRivers Over Wall Street
11%
Drabbad av SjukdomPsalm
10%
NectarMy Guardian
9%
NectarPsycho's in Charge
9%
Drabbad av SjukdomSvarta Havet
8%
KatlaUntitled
8%
KatlaCathedral
7%
Drabbad av SjukdomCentralstimulans
7%
Single #3Crystal Clear Ice
7%
NEW ERADAMAGE
7%
KatlaHelvetet & Jag
7%
Drabbad av SjukdomKrigstied
7%
Drabbad av SjukdomMisstag
7%
NEW ERARATS
7%
NEW ERAGATE
6%
NEW ERABURNS
5%

Score Distribution

Percentile by Number Answered

Percent of People with Each Score

Your Score History

You have not taken this quiz